000 01169cad a22002295a 4500
001 L138678
008 070703s2007 xxkd f s 000 0 eng d
035 _a(Sirsi) u138678
041 0 _aeng
050 0 4 _a338.4569 $2 18
110 2 _aEC Harris
_94930
245 0 0 _aEconomics survey
_bUK
_bSummer 2007
_h[electronic resource]
260 _aLondon
_bEC Harris
_c2007
490 0 _aEC Harris Economics Survey UK
_vSummer 2007
520 _aReveals that building tender price inflation in London is set to increase by three times the rate of consumer price inflation over the next two years (6.3% in 2008 and 6.5% in 2009), as OIympics projects start to affect prices. Construction output in the fourth quarter of 2006 was up by 1% compared to the third quarter 2006, and 3% compared to the same period in 2005. Total construction output is forecast to increase by 2.5% this year, 2.4% in 2008 and 3.2% in 2009.
590 _aKA
650 2 4 _aEC HARRIS ECONOMICS SURVEY UK
651 4 _aUnited Kingdom
_y
690 _aBUILT ENVIRONMENT-CONSTRUCTION MARKET
856 4 8 _uhttps://www.echarris.com
_zView the item free of charge at www.echarris.com...
942 _n0
999 _c107225
_d107225